[Event "AUT-chT2O 0304"]
[Site "Austria"]
[Date "2003.10.25"]
[Round "1.3"]
[White "Ganaus, Hannes"]
[Black "Dudas, Jan"]
[Result "1-0"]
[WhiteElo "2349"]
[BlackElo "2320"]
[PlyCount "161"]
[EventDate "2003.10.25"]
[EventType "team-tourn"]
[EventRounds "11"]
[EventCountry "AUT"]
[SourceTitle "EXT 2005"]
[Source "ChessBase"]
[SourceDate "2004.11.15"]
[SourceVersion "1"]
[SourceVersionDate "2004.11.15"]
[SourceQuality "1"]
[WhiteTeam "Donau Schach Mattes"]
[BlackTeam "Gols Raiba"]
[WhiteTeamCountry "AUT"]
[BlackTeamCountry "AUT"]

1. d4 Nf6 2. Nf3 e6 3. e3 b6 4. Bd3 Bb7 5. 0-0 c5 6. b3 Be7 7. Bb2 0-0 8. a3 cxd4 9. exd4 d6 10. Re1 Nbd7 11. c4 Rc8 12. Nbd2 Re8 13. Nf1 Bf8 14. Ng3 g6 15. Rc1 Bg7 16. Rc2 Qc7 17. h4 Qb8 18. h5 Qa8 19. hxg6 hxg6 20. Ng5 d5 21. Bf1 Red8 22. Qb1 Nf8 23. Rd1 Qb8 24. Qa1 Ne4 25. N5xe4 dxe4 26. Ne2 b5 27. Qc1 bxc4 28. bxc4 Bc6 29. d5 Ba4 30. Bxg7 Kxg7 31. Qa1+ Kg8 32. Rb1 Bxc2 33. Rxb8 Rxb8 34. Nf4 Rb1 35. Qc3 Bd3 36. Nxd3 exd3 37. Qxd3 Rc1 38. g3 exd5 39. cxd5 Nd7 40. Qd2 Rb1 41. Kg2 Nf6 42. Bc4 Rb6 43. Qa5 Rd7 44. a4 Rbd6 45. Qc5 Kg7 46. Qd4 a6 47. Qb2 Kh7 48. Qe2 Nxd5 49. Bxa6 Nc3 50. Qc4 Ra7 51. Bc8 Nxa4 52. Qb4 Rd5 53. Bb7 Rda5 54. Bf3 Nc5 55. Qh4+ Kg7 56. Qd4+ f6 57. Bd5 Rc7 58. Qb4 Raa7 59. Qb8 f5 60. f4 Ne4 61. Qg8+ Kh6 62. Qh8+ Rh7 63. Qf8+ Kh5 64. Bxe4 fxe4 65. Kh3 g5 66. Qg8 Rag7 67. Qe8+ Kh6 68. f5 g4+ 69. Kh4 Rf7 70. Qxe4 Kg7+ 71. Kxg4 Rh6 72. Qe5+ Kg8 73. Kg5 Rhh7 74. f6 Rf8 75. Kg6 Rhf7 76. Qd5 Kh8 77. Qxf7 Rxf7 78. Kxf7 Kh7 79. Ke7 Kg6 80. f7 Kf5 81. f8Q+ 1-0